Bezpečnosť strojových zariadení. Indikácia, označovanie a ovládanie. Časť 2: Požiadavky na označovanie. STN 33 2200. EN 61310-2 : Január 2000

Salvato in:
Dettagli Bibliografici
Natura: Libro
Lingua:slovacco
Pubblicazione: Bratislava : Slovenský ústav technickej normalizácie, 2000
Soggetti:
Tags: Aggiungi Tag
Nessun Tag, puoi essere il primo ad aggiungerne!!

MARC

LEADER 00000nam a22000003a 4500
001 stu61019
005 20150408161920.5
008 010808s2000----xo------------------slo-d
040 |a STU  |b slo 
041 0 |a slo 
044 |a xo 
080 |a 621.7.06:331.45 
245 |a Bezpečnosť strojových zariadení. Indikácia, označovanie a ovládanie. Časť 2: Požiadavky na označovanie. STN 33 2200. EN 61310-2 :  |b Január 2000 
260 |a Bratislava :  |b Slovenský ústav technickej normalizácie,  |c 2000 
300 |a 16 s 
650 7 |a zariadenia strojové-bezpečnosť  |2 stusub 
996 |b 284M032980  |c M*N-402-1  |l MMKN  |s A  |a 24  |w stu61019_0001